[Event "O Pohár mìsta Øíèany 2014 - OPEN A"]
[Site "Øíèany"]
[Date "2014.08.24"]
[Round "2.29"]
[White "Postupa, Martin"]
[Black "Helebrand, Frantisek"]
[Result "1-0"]
[WhiteElo "2085"]
[BlackElo "1546"]
[PlyCount "103"]
[EventDate "2014.??.??"]

1. e4 e6 2. d4 d5 3. e5 c5 4. c3 Nc6 5. Nf3 Qb6 6. a3 cxd4 7. cxd4 Nge7 8. b4
Nf5 9. Bb2 a6 10. Bd3 Be7 11. O-O O-O 12. Bxf5 exf5 13. Nc3 Be6 14. Qd2 h6 15.
h4 Rac8 16. Rac1 Rc7 17. Rc2 Rfc8 18. Rfc1 Bd8 19. Na4 Qb5 20. Nc3 Qb6 21. Qd1
Na7 22. Na4 Qb5 23. Rc5 Rxc5 24. dxc5 Qd7 25. Nc3 Nb5 26. Ne2 Na7 27. Qd2 Be7
28. Rd1 Rd8 29. Qc2 Qe8 30. g3 Nc6 31. Rd2 Rd7 32. Bc3 Qd8 33. Nfd4 Nxd4 34.
Rxd4 Qc7 35. f4 h5 36. Rd2 b6 37. cxb6 Qxb6+ 38. Bd4 Qb7 39. Rd3 Bd8 40. Rc3
Rc7 41. Rxc7 Bxc7 42. Qc5 Bd8 43. Nc3 Bc7 44. Kf2 Bd8 45. Ke3 Qd7 46. Qd6 Qc8
47. Bc5 Bc7 48. Qe7 Qb8 49. Kd4 Bd8 50. Qd6 Qc8 51. Nxd5 a5 52. b5 1-0

[Event "O Pohár mìsta Øíèany 2014 - OPEN A"]
[Site "Øíèany"]
[Date "2014.08.24"]
[Round "2.30"]
[White "Chromovsky, Hynek"]
[Black "Petras, Milan"]
[Result "0-1"]
[WhiteElo "1815"]
[BlackElo "2046"]
[PlyCount "74"]
[EventDate "2014.??.??"]

1. c4 Nf6 2. Nc3 g6 3. g3 Bg7 4. Bg2 O-O 5. e3 e5 6. Nge2 d6 7. O-O Nc6 8. d4
Re8 9. d5 Ne7 10. b4 a5 11. b5 Nd7 12. e4 f5 13. f4 exf4 14. Rxf4 Ne5 15. Qb3
Nd3 16. Be3 Nxf4 17. Nxf4 fxe4 18. Rd1 Nf5 19. Nxe4 Nxe3 20. Qxe3 Be5 21. Nd3
Qe7 22. Ng5 Qg7 23. Nf4 Bg4 24. Nfe6 Bxe6 25. Nxe6 Qd7 26. Bh3 Re7 27. Qh6 Qe8
28. Rf1 Bg7 29. Qh4 Kh8 30. Ng5 h6 31. Be6 Rxe6 32. Nxe6 g5 33. Qg4 Qe7 34. h4
gxh4 35. Qg6 Rg8 36. Rf7 Bd4+ 37. Nxd4 Qe3+ 0-1

[Event "O Pohár mìsta Øíèany 2014 - OPEN A"]
[Site "Øíèany"]
[Date "2014.08.24"]
[Round "2.31"]
[White "Vystrcil, Martin"]
[Black "Matejovsky, Ondrej"]
[Result "0-1"]
[WhiteElo "1803"]
[BlackElo "2014"]
[PlyCount "154"]
[EventDate "2014.??.??"]

1. e4 e5 2. Nf3 Nf6 3. Nc3 Bb4 4. d3 Nc6 5. Be2 d5 6. exd5 Nxd5 7. Bd2 O-O 8.
O-O Bf5 9. Ne4 Bxd2 10. Nfxd2 Qe7 11. Ng3 Bg6 12. Bf3 Rad8 13. Re1 Nd4 14. Bxd5
Rxd5 15. Nf3 Qc5 16. Nxd4 Qxd4 17. b3 Rfd8 18. Qe2 Qc3 19. Rac1 f6 20. Ne4 Qd4
21. Qe3 b5 22. a3 Qb2 23. a4 bxa4 24. bxa4 Bxe4 25. dxe4 Rd2 26. Qb3+ Qxb3 27.
cxb3 R8d7 28. Rc3 Rb2 29. g3 Rdd2 30. Rf1 Rdc2 31. Rxc2 Rxc2 32. Kg2 Kf7 33.
Rd1 Ke7 34. Rd3 c5 35. Kf3 c4 36. bxc4 Rxc4 37. Rb3 Rxa4 38. Rb7+ Kf8 39. Rb8+
Kf7 40. Rb7+ Kg6 41. h4 h5 42. Rc7 Ra3+ 43. Kg2 Ra2 44. Rd7 a5 45. Ra7 a4 46.
Kf3 a3 47. Kg2 Ra1 48. Kf3 Ra2 49. Kg2 Kh7 50. Kf3 Kh6 51. Ra6 Ra1 52. Kg2 a2
53. Ra7 Re1 54. Rxa2 Rxe4 55. Rd2 Ra4 56. Rc2 g5 57. hxg5+ Kxg5 58. Rc3 Rd4 59.
Rc8 h4 60. gxh4+ Kxh4 61. Kf3 Kg5 62. Ke3 Ra4 63. Rc3 Rb4 64. Ra3 f5 65. Ra2
Rb3+ 66. Ke2 Kf4 67. Ra4+ e4 68. Rc4 Rb2+ 69. Kf1 Kg4 70. Rc3 f4 71. Rc1 Kf3
72. Ra1 Rxf2+ 73. Kg1 e3 74. Rb1 Rg2+ 75. Kh1 Ra2 76. Kg1 Kg3 77. Kf1 f3 0-1

[Event "O Pohár mìsta Øíèany 2014 - OPEN A"]
[Site "Øíèany"]
[Date "2014.08.24"]
[Round "2.32"]
[White "Vrtiakova, Anna"]
[Black "Lacha, Jan"]
[Result "1/2-1/2"]
[WhiteElo "1954"]
[BlackElo "1827"]
[PlyCount "83"]
[EventDate "2014.??.??"]

1. d4 d5 2. Nf3 c6 3. c4 e6 4. g3 Nf6 5. Bg2 Bd6 6. O-O Ne4 7. b3 O-O 8. a4 a5
9. Ba3 f5 10. Bxd6 Qxd6 11. Ne5 Nd7 12. Nxd7 Bxd7 13. Qd3 Be8 14. Nd2 Nxd2 15.
Qxd2 f4 16. Rac1 Bh5 17. Rc3 Rad8 18. cxd5 exd5 19. Rfc1 Rde8 20. Bf3 Bxf3 21.
Rxf3 Qb4 22. Qxb4 axb4 23. Rc2 Re4 24. Rd3 g5 25. Kg2 Rfe8 26. Rdd2 Kg7 27. Kf3
h5 28. Kg2 Kg6 29. Ra2 fxg3 30. hxg3 h4 31. e3 hxg3 32. Kxg3 Kh5 33. Rd1 Rg4+
34. Kf3 Rf8+ 35. Ke2 Rg2 36. Rf1 g4 37. Ke1 g3 38. Re2 gxf2+ 39. Rexf2 Rfxf2
40. Rxf2 Rg1+ 41. Rf1 Rxf1+ 42. Kxf1 1/2-1/2

[Event "O Pohár mìsta Øíèany 2014 - OPEN A"]
[Site "Øíèany"]
[Date "2014.08.24"]
[Round "2.33"]
[White "Zak, Jiri"]
[Black "Tejkal, Jiri"]
[Result "0-1"]
[WhiteElo "1776"]
[BlackElo "1941"]
[PlyCount "62"]
[EventDate "2014.??.??"]

1. d4 d5 2. c4 c6 3. e3 Nf6 4. Nc3 e6 5. Bd3 Nbd7 6. Nf3 Bd6 7. O-O O-O 8. Qc2
Re8 9. Re1 a6 10. b3 b5 11. cxb5 cxb5 12. Ng5 Nf8 13. f4 Bb7 14. Bd2 Rc8 15.
Qb1 Bb4 16. Rc1 Qa5 17. Qb2 Ba3 18. Qb1 Bxc1 19. Qxc1 b4 20. Qb1 bxc3 21. Be1
h6 22. Nf3 Ne4 23. Qc2 Nd7 24. g4 Qa3 25. Rb1 Ndf6 26. g5 hxg5 27. fxg5 Nd7 28.
b4 Nb6 29. Qg2 c2 30. Bxc2 Qxe3+ 31. Kh1 Rxc2 0-1

[Event "O Pohár mìsta Øíèany 2014 - OPEN A"]
[Site "Øíèany"]
[Date "2014.08.24"]
[Round "2.34"]
[White "Vorackova, Jarmila"]
[Black "Sadil, Jan"]
[Result "1-0"]
[WhiteElo "1936"]
[BlackElo "1722"]
[PlyCount "109"]
[EventDate "2014.??.??"]

1. d4 d5 2. c4 e6 3. Nc3 Nf6 4. Bg5 Be7 5. e3 h6 6. Bh4 O-O 7. Nf3 Nbd7 8. cxd5
exd5 9. Qc2 c6 10. Bd3 Re8 11. O-O Nf8 12. Bxf6 Bxf6 13. b4 Ne6 14. Rab1 g6 15.
Ne2 Qd6 16. b5 c5 17. dxc5 Nxc5 18. Bxg6 fxg6 19. Qxg6+ Kf8 20. Qxh6+ Ke7 21.
Nf4 Bf5 22. Rbd1 Be4 23. Ng5 Rh8 24. Nxe4 Nxe4 25. Nxd5+ Kf7 26. Qf4 Qxf4 27.
exf4 Bh4 28. g3 Rag8 29. Rfe1 Nc5 30. Re2 Bd8 31. Nb4 Rh6 32. Nd3 Nxd3 33. Rxd3
Rgh8 34. f3 Bb6+ 35. Kh1 Rh3 36. g4 Kf8 37. Rc3 Kf7 38. a4 Ba5 39. Rce3 Bd8 40.
Rd3 Bb6 41. Rd7+ Kf8 42. Rde7 Bc5 43. Re8+ Kf7 44. Rxh8 Rxh8 45. Kg2 Bd6 46.
Kg3 Rf8 47. h4 Kg7 48. Re4 Rf7 49. g5 Rc7 50. Kg4 Rc1 51. f5 Rg1+ 52. Kh5 b6
53. Re6 Bf8 54. Rc6 Be7 55. f6+ 1-0

[Event "O Pohár mìsta Øíèany 2014 - OPEN A"]
[Site "Øíèany"]
[Date "2014.08.24"]
[Round "2.35"]
[White "Vorsilka, Jiri"]
[Black "Forman, Miroslav"]
[Result "1/2-1/2"]
[WhiteElo "1691"]
[BlackElo "1926"]
[PlyCount "73"]
[EventDate "2014.??.??"]

1. e4 c5 2. Nc3 d6 3. f4 g5 4. f5 Bg7 5. Bc4 e6 6. fxe6 Bxe6 7. Bxe6 fxe6 8.
Qh5+ Kd7 9. Nf3 h6 10. O-O Nf6 11. Qf7+ Qe7 12. Qxe7+ Kxe7 13. e5 Ne8 14. exd6+
Nxd6 15. d3 Nc6 16. Be3 Nd4 17. Bxd4 cxd4 18. Ne2 Nf5 19. c3 Rad8 20. cxd4 Nxd4
21. Nexd4 Bxd4+ 22. Nxd4 Rxd4 23. Rf3 Rhd8 24. Rd1 e5 25. Kf2 g4 26. Re3 Rf8+
27. Ke2 Kd6 28. Re4 h5 29. Rc1 b5 30. Rxd4+ exd4 31. b4 a5 32. a3 axb4 33. axb4
Ra8 34. Rc5 Re8+ 35. Kd2 Re5 36. Rxe5 Kxe5 37. g3 1/2-1/2

[Event "O Pohár mìsta Øíèany 2014 - OPEN A"]
[Site "Øíèany"]
[Date "2014.08.24"]
[Round "2.36"]
[White "Kaiser, Rudolf"]
[Black "Cabart, Pavel"]
[Result "1-0"]
[WhiteElo "1925"]
[BlackElo "1713"]
[PlyCount "77"]
[EventDate "2014.??.??"]

1. e4 c5 2. d4 cxd4 3. c3 dxc3 4. Nxc3 Nc6 5. Nf3 d6 6. Bc4 a6 7. O-O Nf6 8.
Qb3 e6 9. Qc2 Be7 10. Rd1 Qc7 11. Bf4 Ne5 12. Bxe5 dxe5 13. Nb5 Qb8 14. Nc7+
Kf8 15. Nxa8 Qxa8 16. Nxe5 b5 17. Bd3 Bb7 18. Rac1 g6 19. f3 Kg7 20. Qc7 Re8
21. a3 Ng8 22. Ng4 h5 23. Ne5 Rc8 24. Qb6 Bd8 25. Qe3 Bf6 26. f4 Bxe5 27. fxe5
Ne7 28. Qg5 Rxc1 29. Qf6+ Kg8 30. Rxc1 Qa7+ 31. Kh1 Nc6 32. Rf1 Ba8 33. a4 bxa4
34. Bxa6 Nxe5 35. Be2 Qe3 36. Qxe5 Qxe2 37. Qf6 Qxe4 38. Qxf7+ Kh8 39. Qf8+ 1-0

[Event "O Pohár mìsta Øíèany 2014 - OPEN A"]
[Site "Øíèany"]
[Date "2014.08.24"]
[Round "2.37"]
[White "Zizka, Petr"]
[Black "Kalvach, Ladislav"]
[Result "1/2-1/2"]
[WhiteElo "1624"]
[BlackElo "1924"]
[PlyCount "42"]
[EventDate "2014.??.??"]

1. e4 c5 2. c3 d5 3. exd5 Qxd5 4. d4 Nc6 5. Be3 cxd4 6. cxd4 e5 7. Nc3 Bb4 8.
Qd2 Nf6 9. Nf3 exd4 10. Nxd4 O-O 11. O-O-O Bxc3 12. Qxc3 Nxd4 13. Bc4 Be6 14.
Rxd4 Qxg2 15. Rdd1 Bxc4 16. Rdg1 Qf3 17. Rg3 Be2 18. Rxf3 Bxf3 19. Rg1 Rfc8 20.
Bd4 g6 21. b4 Nd5 {Dale necitelne} 1/2-1/2

[Event "O Pohár mìsta Øíèany 2014 - OPEN A"]
[Site "Øíèany"]
[Date "2014.08.24"]
[Round "2.38"]
[White "Franek, Jan"]
[Black "Korsa, Jiri"]
[Result "1-0"]
[WhiteElo "1921"]
[BlackElo "1695"]
[PlyCount "101"]
[EventDate "2014.??.??"]

1. d4 g6 2. e3 Bg7 3. Bd3 d6 4. f4 e5 5. Nf3 Nc6 6. c3 exf4 7. exf4 Nf6 8. O-O
O-O 9. f5 Ne7 10. fxg6 fxg6 11. Bg5 Rb8 12. Nh4 Bg4 13. Qc2 Qd7 14. h3 Be6 15.
Nd2 c5 16. Ndf3 c4 17. Be2 b5 18. Rae1 Nf5 19. Kh2 Nd5 20. Bd1 Rbe8 21. g4 Nxh4
22. Nxh4 Nb6 23. Qg2 Bd5 24. Qg3 Rxf1 25. Rxf1 Be4 26. Ng2 Bd3 27. Rf2 h6 28.
Bd2 g5 29. Ne3 Rf8 30. Bf3 Na4 31. Bc1 Kh8 32. Bg2 Rxf2 33. Qxf2 Nb6 34. Nf5
Bxf5 35. gxf5 Bf6 36. Qf3 d5 37. h4 Kg7 38. Bh3 Qd6+ 39. Qg3 Qxg3+ 40. Kxg3
gxh4+ 41. Kg4 Kf7 42. Bxh6 Na4 43. Bg2 Nb6 44. Bf4 Bd8 45. Bf3 a5 46. Be5 b4
47. Kf4 bxc3 48. bxc3 Ke8 49. f6 Kf7 50. Kf5 h3 51. Bh5+ 1-0

[Event "O Pohár mìsta Øíèany 2014 - OPEN A"]
[Site "Øíèany"]
[Date "2014.08.24"]
[Round "2.39"]
[White "Lhotsky, Zdenek Ml."]
[Black "Hadrava, Jaroslav"]
[Result "1/2-1/2"]
[WhiteElo "1672"]
[BlackElo "1918"]
[PlyCount "89"]
[EventDate "2014.??.??"]

1. e4 e5 2. Nf3 Nc6 3. Bb5 Nf6 4. O-O Nxe4 5. Re1 Nd6 6. Nxe5 Be7 7. Ba4 O-O 8.
d4 Nf5 9. c3 Nxe5 10. Rxe5 d6 11. Re1 d5 12. Bf4 Bd6 13. Bxd6 Qxd6 14. Nd2 c6
15. Nf1 Bd7 16. Qd3 g6 17. Re2 Rae8 18. Rae1 Rxe2 19. Rxe2 Re8 20. Rxe8+ Bxe8
21. Bc2 Bd7 22. Nd2 Qe7 23. Nf3 Nd6 24. b3 Bf5 25. Qd1 Bxc2 26. Qxc2 f6 27. h3
Qe4 28. Qb2 a6 29. a4 Qd3 30. Nd2 Qe2 31. Qc1 b5 32. axb5 axb5 33. b4 Kf7 34.
f3 Nf5 35. Nf1 Nh4 36. Qd2 Qxd2 37. Nxd2 h5 38. Kf2 Nf5 39. Nb3 g5 40. g4 hxg4
41. hxg4 Ne7 42. Kg3 Ke6 43. Nc5+ Kd6 44. Nd3 Ng6 45. Kh3 1/2-1/2

[Event "O Pohár mìsta Øíèany 2014 - OPEN A"]
[Site "Øíèany"]
[Date "2014.08.24"]
[Round "2.40"]
[White "Pavlicek, Petr"]
[Black "Benes, Karel"]
[Result "1-0"]
[WhiteElo "1894"]
[BlackElo "1669"]
[PlyCount "35"]
[EventDate "2014.??.??"]

1. c4 e5 2. Nc3 Nf6 3. Nf3 d6 4. d4 exd4 5. Nxd4 c6 6. e4 Be7 7. g3 c5 8. Nf5
Nxe4 9. Nxg7+ Kf8 10. Bh6 Kg8 11. Nxe4 Nd7 12. Ne6 fxe6 13. Qg4+ Kf7 14. Qg7+
Ke8 15. Qxh8+ Nf8 16. O-O-O b6 17. Bxf8 Bxf8 18. Nxd6+ 1-0

[Event "O Pohár mìsta Øíèany 2014 - OPEN A"]
[Site "Øíèany"]
[Date "2014.08.24"]
[Round "2.41"]
[White "Zlamana, Anna"]
[Black "Havelka, Jan"]
[Result "0-1"]
[WhiteElo "1565"]
[BlackElo "1891"]
[PlyCount "66"]
[EventDate "2014.??.??"]

1. e4 c5 2. Nf3 e6 3. d4 cxd4 4. Nxd4 a6 5. Nc3 Qc7 6. Be2 Nf6 7. O-O Bc5 8.
Be3 O-O 9. Bf3 d6 10. Na4 Ba7 11. b3 Nbd7 12. c4 Ne5 13. Rc1 b6 14. Bf4 Bb7 15.
Nc3 Nxf3+ 16. Qxf3 e5 17. Nf5 exf4 18. Qxf4 Ne8 19. Rcd1 b5 20. Rd3 d5 21. Qxc7
Nxc7 22. exd5 Rfe8 23. d6 bxc4 24. bxc4 Ne6 25. Rb1 Nc5 26. Rg3 g6 27. h3 Be4
28. Ne7+ Rxe7 29. dxe7 Bxb1 30. Nxb1 Ne4 31. Rd3 Bxf2+ 32. Kf1 Bb6 33. Rd7 Re8
0-1

[Event "O Pohár mìsta Øíèany 2014 - OPEN A"]
[Site "Øíèany"]
[Date "2014.08.24"]
[Round "2.43"]
[White "Jandl, Vojtech"]
[Black "Aubrecht, Petr"]
[Result "1-0"]
[WhiteElo "1881"]
[BlackElo "1539"]
[PlyCount "67"]
[EventDate "2014.??.??"]

1. d4 d6 2. e4 g6 3. Nf3 Bg7 4. Bd3 Nd7 5. Nbd2 Ngf6 6. O-O O-O 7. c3 e5 8.
dxe5 Nxe5 9. Nxe5 dxe5 10. Nc4 Re8 11. Qe2 Qe7 12. b4 b6 13. a4 Bb7 14. Ba3 Qe6
15. Nb2 Red8 16. f3 Nh5 17. g3 Bh6 18. Bc4 Qh3 19. Rfd1 a6 20. Nd3 Re8 21. Nf2
Qc8 22. Qa2 Rd8 23. Bxf7+ Kh8 24. Be6 Rxd1+ 25. Rxd1 Qf8 26. Kg2 Rd8 27. b5 Qf6
28. Ng4 Qg7 29. Nxh6 Qxh6 30. Be7 Ra8 31. bxa6 Rxa6 32. Bc8 Qe3 33. Rd8+ Kg7
34. Qg8+ 1-0

[Event "O Pohár mìsta Øíèany 2014 - OPEN A"]
[Site "Øíèany"]
[Date "2014.08.24"]
[Round "2.44"]
[White "Konvalinka, Vladislav"]
[Black "Palla, Ivan"]
[Result "1/2-1/2"]
[WhiteElo "1860"]
[BlackElo "1536"]
[PlyCount "36"]
[EventDate "2014.??.??"]

1. d4 f5 2. Bg5 Nf6 3. Nc3 e6 4. e3 Be7 5. Nf3 d6 6. Bc4 Nc6 7. O-O d5 8. Be2
Ne4 9. Nxe4 fxe4 10. Bxe7 Qxe7 11. Nd2 e5 12. c3 Qg5 13. Kh1 exd4 14. cxd4 O-O
15. Qb3 Nxd4 16. exd4 Qxd2 17. Qxd5+ Kh8 18. Qxe4 Be6 1/2-1/2

[Event "O Pohár mìsta Øíèany 2014 - OPEN A"]
[Site "Øíèany"]
[Date "2014.08.24"]
[Round "2.45"]
[White "Stankova, Zuzana"]
[Black "Paulovic, Milan"]
[Result "0-1"]
[WhiteElo "1511"]
[BlackElo "1855"]
[PlyCount "106"]
[EventDate "2014.??.??"]

1. e4 d5 2. exd5 Qxd5 3. Nc3 Qd6 4. Nf3 Nf6 5. d4 c6 6. a4 Bg4 7. Be2 Nbd7 8.
O-O h6 9. Be3 g5 10. Qd3 Bg7 11. Rfd1 Nb6 12. Ne5 Bxe2 13. Nxe2 Nfd5 14. c4
Nxe3 15. Qxe3 Qe6 16. b3 f6 17. Ng6 Qxe3 18. fxe3 Rg8 19. h4 Kf7 20. h5 Nd7 21.
Rf1 Rge8 22. Nc3 e6 23. e4 Kg8 24. Rad1 Rad8 25. Kh2 a5 26. Kh3 Nb6 27. Rf3 Rd7
28. Rfd3 Red8 29. c5 Nc8 30. Ne2 b6 31. cxb6 Nxb6 32. Ng1 c5 33. d5 c4 34. bxc4
Nxc4 35. g4 Nb2 36. Nf3 Nxd1 37. Rxd1 Rb7 38. Rc1 exd5 39. exd5 Rxd5 40. Rc8+
Kf7 41. Ra8 Ke6 42. Ra6+ Kd7 43. Kg3 f5 44. gxf5 Rxf5 45. Kg2 Bc3 46. Kg3 Kc7
47. Ne7 Rc5 48. Ra8 Kd7 49. Ng6 Kd6 50. Ra6+ Rc6 51. Ra8 Kc5 52. Re8 Kb4 53.
Re4+ Rc4 0-1

[Event "O Pohár mìsta Øíèany 2014 - OPEN A"]
[Site "Øíèany"]
[Date "2014.08.24"]
[Round "2.46"]
[White "Horyna, Josef"]
[Black "Zavurka, Vladimir"]
[Result "1-0"]
[WhiteElo "1854"]
[BlackElo "1639"]
[PlyCount "113"]
[EventDate "2014.??.??"]

1. d4 d5 2. Nf3 Nf6 3. Bf4 e6 4. e3 Nh5 5. Bg3 Nd7 6. Bd3 Nxg3 7. hxg3 g6 8.
Nbd2 Bg7 9. c3 c5 10. Qe2 b6 11. e4 cxd4 12. cxd4 Bb7 13. e5 Rc8 14. O-O h5 15.
Rfc1 O-O 16. Qd1 Rc7 17. Rxc7 Qxc7 18. Rc1 Qb8 19. Qa4 Rd8 20. Rc3 Bf8 21. Bb5
Bc8 22. Qc2 Bb4 23. Rb3 Bxd2 24. Qxd2 Kg7 25. Rc3 Nf8 26. Qg5 Bd7 27. Qf6+ Kg8
28. Bd3 Be8 29. Ng5 Nh7 30. Nxh7 Kxh7 31. g4 Rc8 32. gxh5 Rxc3 33. hxg6+ fxg6
34. Qe7+ Kg8 35. bxc3 Qc8 36. Ba6 Qd7 37. Qxd7 Bxd7 38. c4 Bc6 39. a3 g5 40. g3
Kf7 41. Kf1 Kg6 42. Ke2 Kf5 43. Ke3 Kg4 44. cxd5 Bxd5 45. Be2+ Kh3 46. f4 g4
47. Kf2 a5 48. Bf1+ Kh2 49. Bd3 Kh3 50. f5 exf5 51. Bxf5 b5 52. e6 b4 53. e7
Bf7 54. axb4 a4 55. Bc2 a3 56. Bb3 Be8 57. d5 1-0

[Event "O Pohár mìsta Øíèany 2014 - OPEN A"]
[Site "Øíèany"]
[Date "2014.08.24"]
[Round "2.47"]
[White "Mar, Tomas"]
[Black "Berg, Antonin"]
[Result "0-1"]
[WhiteElo "1604"]
[BlackElo "1853"]
[PlyCount "42"]
[EventDate "2014.??.??"]

1. e4 Nf6 2. e5 Nd5 3. d4 d6 4. c4 Nb6 5. f4 dxe5 6. fxe5 Nc6 7. Be3 Bf5 8. Nf3
e6 9. a3 Qd7 10. b4 a6 11. Nc3 Rd8 12. Be2 Bg4 13. O-O Bxf3 14. Bxf3 Nxc4 15.
Bh5 Nxe3 16. Rxf7 g6 17. Rxh7 Qxh7 18. Qb3 Nxd4 19. Qa4+ b5 20. Qxa6 Qxh5 21.
h3 Qxe5 0-1

[Event "O Pohár mìsta Øíèany 2014 - OPEN A"]
[Site "Øíèany"]
[Date "2014.08.24"]
[Round "2.48"]
[White "Prochazka, Petr"]
[Black "Chajda, Patrik"]
[Result "1/2-1/2"]
[WhiteElo "1841"]
[BlackElo "1335"]
[PlyCount "49"]
[EventDate "2014.??.??"]

1. e4 e6 2. d4 d5 3. e5 c5 4. Nf3 Nc6 5. Bd3 cxd4 6. O-O Nge7 7. Bf4 Ng6 8. Bg3
Be7 9. Nbd2 O-O 10. Nb3 Nb4 11. Be2 d3 12. cxd3 Bd7 13. a3 Nc6 14. d4 Rc8 15.
Qd2 Qb6 16. Qe3 f5 17. exf6 Bxf6 18. Nc5 Bxd4 19. Nxd7 Bxe3 20. Nxb6 Bxb6 21.
Rad1 Bc7 22. Bxc7 Rxc7 23. Ng5 Re7 24. Bg4 Nd8 25. Rfe1 1/2-1/2